Downfall by Degrees/ (Record no. 171858)
[ view plain ]
| 000 -LEADER | |
|---|---|
| fixed length control field | 00671nam a2200205 4500 |
| 005 - DATE AND TIME OF LATEST TRANSACTION | |
| control field | 20230704112316.0 |
| 010 ## - LCCN (DPL NO) | |
| LC control number | ENG-127513 ENG-137261 |
| 020 ## - INTERNATIONAL STANDARD BOOK NUMBER | |
| Terms of availability | 295.00 |
| International Standard Book Number | 9788187649397 |
| 035 ## - SYSTEM CONTROL NUMBER | |
| System control number | EN-111045 EN-120793 |
| 037 ## - SOURCE OF ACQUISITION | |
| Source of stock number/acquisition | DBAD/PUB |
| 082 ## - DEWEY DECIMAL CLASSIFICATION NUMBER | |
| Classification number | S |
| 100 ## - MAIN ENTRY--PERSONAL NAME | |
| Personal name | Hussein,Abdullah |
| 245 ## - TITLE STATEMENT | |
| Title | Downfall by Degrees/ |
| Statement of responsibility, etc | by Abdullah Hussein ; translated by Muhammad Umar Memon :edited by Muhammad Umar Memon |
| 260 ## - PUBLICATION, DISTRIBUTION, ETC. (IMPRINT) | |
| Place of publication, distribution, etc | New Delhi |
| Name of publisher, distributor, etc | Katha Urdu Library |
| Date of publication, distribution, etc | 2003 |
| 270 ## - ADDRESS | |
| Address | A-3 Sarvodaya Enclave Sri Aurobindo Marg |
| City | New Delhi |
| Postal code | 110017 |
| 300 ## - PHYSICAL DESCRIPTION | |
| Extent | 294p. |
| Dimensions | 20cm(pbk) |
| 700 ## - ADDED ENTRY--PERSONAL NAME | |
| Personal name | Muhammad Umar Memon |
| 700 ## - ADDED ENTRY--PERSONAL NAME | |
| Personal name | Muhammad Umar Memon |
| 942 ## - ADDED ENTRY ELEMENTS (KOHA) | |
| Source of classification or shelving scheme | Dewey Decimal Classification |
| Item type | English Books |
| Classification part | S |
| Call number suffix | HUS |
| Withdrawn status | Lost status | Not for loan | Collection code | Home library | Current library | Date acquired | Source of acquisition | Cost, normal purchase price | Full call number | Barcode | Copy number | Cost, replacement price | Koha item type |
|---|---|---|---|---|---|---|---|---|---|---|---|---|---|
| Non-fiction | Bawana | Bawana | 04/07/2023 | DBAD/PUB | 295.00 | S HUS | EN-120793 | 1 | 295.00 | English Books | |||
| Fiction | D.B.Act.Division | Mobile Library | 12/12/2022 | DBAD/PUB | 295.00 | S HUS | EN-119357 | 1 | 295.00 | English Books | |||
| Non-fiction | Sarojini Nagar | Sarojini Nagar | 22/01/2020 | DBAD/PUB | 295.00 | S HUS | EN-111045 | 1 | 295.00 | English Books |
